000
00284nam a22001337a 4500
008
170206b xxu||||| |||| 00| 0 eng d
020
_a
9780323057592
041
_a
eng
080
_a
61
100
_a
3
101
_a
SHM
245
_a
FERRIS BEST TEST
_c
FRED.F.FERRI
942
_2
udc
_c
BK
999
_c
4765
_d
4765